Radiohead Lyrics - No Hints - Statistics

General Stats
  • This quiz has been taken 223 times
  • The average score is 31 of 102
Answer Stats
Answer % Correct
a
94%
i
91%
you
84%
and
55%
to
51%
me
50%
it
47%
we
47%
your
44%
are
43%
in
42%
just
38%
be
37%
go
32%
there
31%
so
29%
its
27%
why
24%
as
22%
feel
18%
cause
16%
from
16%
doesnt
15%
mean
14%
dark
10%
waiting
10%
accidents
9%
happen
9%
landscape
9%
pitch
9%
these
9%
walking
9%
broken
8%
green
8%
shipwreck
8%
singing
8%
speak
8%
always
7%
away
7%
lonely
7%
siren
7%
branches
6%
disaster
6%
theres
6%
trip
6%
heaven
5%
sent
5%
rocks
4%
steer
4%
we'd
3%
No matching quizzes found
Score Distribution
Percent of People with Each Score
Percentile by Number Answered
Your Score History
You have not taken this quiz